000 00654nam a2200241 i 4500
001 C2-0107060
003 PPAK
005 20180727102110.0
008 970610s1994 nyu |||| ||||| | eng d
020 _a067184783X
040 _aPPAK
_beng
_cPPAK
_erda
082 0 4 _a808.23
_223
090 0 0 _a808.23
_bCOO
_dG
100 1 _aCooper, Dona,
_eauthor
245 1 0 _aWriting great screen plays for film and TV
264 1 _aNew York :
_bMacmillan ,
_c1994
300 _axv, 189 pages ;
_c23 cm
336 _2rdacontent
_atext
337 _2rdamedia
_aunmediated
338 _2rdacarrier
_avolume
650 1 0 _aMotion picture authorship
942 _ddc
_cB
999 _c26200
_d26200